| 000 | 005630000a22002290004500 | ||
|---|---|---|---|
| 500 | _aBibliography:p. 334.345 | ||
| 650 | _aManagement | ||
| 650 | _aProject management | ||
| 650 | _aPublic enterprises | ||
| 650 | _aProject design | ||
| 650 | _aProject implementation | ||
| 082 |
_a658.404 _bG552p |
||
| 518 | _a971217 | ||
| 530 | _aM | ||
| 100 | _aGoel, B. B. | ||
| 245 | _aProject management | ||
| 260 |
_aNew Delhi _bDeep and Deep Publications, India |
||
| 041 | _aEng | ||
| 300 |
_a352p. _billus.,tables |
||
| 365 | _aRs.80.00 IC | ||
| 942 | _cGEN | ||
| 999 |
_c12608 _d12608 |
||